Statistics for Top 10 Most Populous Russian Federal Subjects (Oblasts)

Click here to take the quiz!

General Stats

  • This quiz has been taken 118 times
  • The average score is 5 of 10

Answer Stats

PopulationFederal Subject% Correct
12,636,312Moscow
100%
7,713,326Moscow Oblast
99%
5,388,759Saint Petersburg
91%
3,894,507Tatarstan
53%
4,016,481Bashkortostan
40%
5,689,538Krasnodar Krai
18%
4,185,233Rostov Oblast
17%
3,444,025Chelyabinsk Oblast
14%
4,291,886Sverdlovsk Oblast
14%
3,177,816Nizhny Novgorod Oblast
13%

Score Distribution

Percentile by Number Answered

Percent of People with Each Score

Your Score History

You have not taken this quiz